000 00626nam a22001937a 4500
005 20251108165407.0
008 250721s1985 xx 000 0 ara d
082 1 4 _aم/924.1/أنب
100 1 _aالأنباري، كمال الدين أبو البركات عبد الرحمن
245 1 0 _aنزهة الألباء في طبقات الأدباء /
250 _aط3
264 1 _aالزرقاء :
_bمكتبة المنارة،
_c1985.
300 _a310ص
650 1 7 _aاللغويون
650 1 7 _aالتراجم
700 1 _aالسامرائي، إبراهيم
_eتحقيق
942 _2ddc
_cREF
999 _c26836
_d26836